01714nam a2200505 i 45000010005000000030009000050050017000140080039000310150017000700200015000870350023001020350036001250350014001610350021001750350023001960350044002190400028002630410013002910460009003040800010003130800012003231000043003352450125003782460043005032600052005463000026005983360027006243370054006513380028007053800016007333880014007493880014007635000040007776500023008176500019008406550019008596580030008787000028009087100045009367000041009818560097010229420012011199990015011319520062011465742KOSZ 00520221130090300.0970513s1992 pl f f |000 0 pol aPB 1992/8382 a8320808987 a991001465049705066 a(PL-WaBN)b10421129-48omnis_nlop ab10421129 a(OCoLC)834076724 a(PL)b0000001042112 a(EXLNZ-48OMNIS_NETWORK)9910361450605606 aWA NcWA NdKOSZ 005/EG1 apolheng k1992 a005.1 a005.5741 aBlanchard, Kenneth H.d(1939- )eAutor10aJednominutowy menedżer /cKenneth Blanchard, Spencer Johnson ; przeł. [z ang.] i wstępem opatrzyła Monika Kostera.1 iTyt. oryg.:aOne minute manager,f1983 aWarszawa :bPańst. Wydaw. Ekonomiczne,c1992. a105, [3] s. ;c20 cm. 2rdacontentaTekstbtxt 2rdamediaaBez urządzenia pośredniczącegobn 2rdacarrieraWoluminbnc aKsiążki a1901-2000 a1989-2000 aTyt. oryg.: The one minute manager. 7aZarządzanie2DBN 7aMenedżerowie 7aPoradniki2DBN aZarządzanie i marketing1 aJohnson, SpencereAutor2 aPaństwowe Wydawnictwo Ekonomiczne4pbl1 aKostera, Monikad(1963- )ePrzedmowa uhttp://koha.tu.koszalin.pl/cgi-bin/koha/opac-detail.pl?biblionumber=5742yKatalog online BPK 2UKDcKS c5742d5742 00104071aBPKbBPKccoP 45263p01804546t005.574 NyKS